All Big 4 American Sports Teams - Statistics

General Stats
  • This quiz has been taken 132 times
  • The average score is 85 of 124
Answer Stats
Answer % Correct
LOS ANGELES LAKERS
87%
NEW YORK JETS
87%
SAN FRANCISCO GIANTS
87%
WINNIPEG JETS
87%
CAROLINA PANTHERS
85%
CINCINNATI REDS
85%
FLORIDA PANTHERS
85%
NEW YORK GIANTS
85%
WASHINGTON COMMANDERS
84%
CLEVELAND BROWNS
82%
KANSAS CITY CHIEFS
82%
CINCINNATI BENGALS
81%
GREEN BAY PACKERS
81%
LOS ANGELES CHARGERS
81%
PHILADELPHIA EAGLES
81%
SEATTLE SEAHAWKS
81%
ST. LOUIS CARDINALS
81%
ARIZONA CARDINALS
79%
CHICAGO BEARS
79%
LAS VEGAS RAIDERS
79%
NEW ENGLAND PATRIOTS
79%
ATLANTA HAWKS
78%
BALTIMORE RAVENS
78%
DENVER BRONCOS
78%
DETROIT LIONS
78%
HOUSTON TEXANS
78%
LOS ANGELES KINGS
78%
NEW YORK KNICKS
78%
PITTSBURGH STEELERS
78%
SACRAMENTO KINGS
78%
BOSTON RED SOX
76%
BROOKLYN NETS
76%
JACKSONVILLE JAGUARS
76%
MIAMI DOLPHINS
76%
MINNESOTA VIKINGS
76%
SAN FRANCISCO 49ERS
76%
TEXAS RANGERS
76%
DALLAS COWBOYS
75%
DENVER NUGGETS
75%
INDIANAPOLIS COLTS
75%
LOS ANGELES DODGERS
75%
NEW YORK RANGERS
75%
NEW YORK YANKEES
75%
OAKLAND ATHLETICS
75%
TAMPA BAY BUCCANEERS
75%
TENNESSEE TITANS
75%
ATLANTA FALCONS
74%
BUFFALO BILLS
74%
LOS ANGELES CLIPPERS
74%
GOLDEN STATE WARRIORS
74%
LOS ANGELES RAMS
74%
MINNESOTA TIMBERWOLVES
74%
PHILADELPHIA 76ERS
74%
CHICAGO BULLS
72%
CHICAGO WHITE SOX
72%
EDMONTON OILERS
72%
MONTREAL CANADIENS
72%
BOSTON CELTICS
71%
DALLAS MAVERICKS
71%
NEW ORLEANS SAINTS
71%
WASHINGTON WIZARDS
71%
MIAMI HEAT
69%
HOUSTON ROCKETS
68%
NEW YORK METS
68%
SAN ANTONIO SPURS
68%
CLEVELAND CAVALIERS
66%
MILWAUKEE BUCKS
66%
OKLAHOMA CITY THUNDER
66%
PHOENIX SUNS
66%
SEATTLE MARINERS
66%
CHICAGO CUBS
65%
DETROIT RED WINGS
65%
ORLANDO MAGIC
65%
PHILADELPHIA PHILLIES
65%
TORONTO BLUE JAYS
65%
TORONTO MAPLE LEAFS
65%
UTAH JAZZ
65%
VEGAS GOLDEN KNIGHTS
65%
ARIZONA DIAMONDBACKS
63%
ATLANTA BRAVES
63%
CHICAGO BLACKHAWKS
63%
COLORADO ROCKIES
63%
DETROIT TIGERS
63%
INDIANA PACERS
63%
MINNESOTA WILD
63%
PITTSBURGH PENGUINS
63%
PITTSBURGH PIRATES
63%
CHARLOTTE HORNETS
62%
DALLAS STARS
62%
DETROIT PISTONS
62%
HOUSTON ASTROS
62%
LOS ANGELES ANGELS
62%
MIAMI MARLINS
62%
MINNESOTA TWINS
62%
NEW ORLEANS PELICANS
62%
NEW YORK ISLANDERS
62%
PORTLAND TRAIL BLAZERS
62%
KANSAS CITY ROYALS
60%
SAN DIEGO PADRES
60%
SEATTLE KRAKEN
60%
TAMPA BAY RAYS
60%
TORONTO RAPTORS
60%
WASHINGTON NATIONALS
60%
BALTIMORE ORIOLES
59%
CLEVELAND GUARDIANS
59%
ANAHEIM DUCKS
57%
BOSTON BRUINS
57%
CALGARY FLAMES
57%
MILWAUKEE BREWERS
57%
VANCOUVER CANUCKS
57%
CAROLINA HURRICANES
56%
COLORADO AVALANCHE
56%
NEW JERSEY DEVILS
56%
OTTAWA SENATORS
56%
BUFFALO SABRES
54%
MEMPHIS GRIZZLIES
54%
PHILADELPHIA FLYERS
54%
WASHINGTON CAPITALS
54%
SAN JOSE SHARKS
53%
ST. LOUIS BLUES
53%
TAMPA BAY LIGHTNING
53%
COLUMBUS BLUE JACKETS
50%
NASHVILLE PREDATORS
49%
ARIZONA COYOTES
34%
No matching quizzes found
Score Distribution
Percent of People with Each Score
Percentile by Number Answered
Your Score History
You have not taken this quiz